Statystyki dla Quiz o Premier League.

Kliknij tutaj aby rozwiązać quiz!

Ogólne statystyki

  • Ten quiz został rozwiązany 209 razy
  • Średni wynik to 6 z 10

Statystyki odpowiedzi

ZagadnienieOdpowiedź% Poprawnych
Który z tych piłkarzy ma więcej goli w Premier League.Jan Bednarek
93%
Jaki klub ma najwięcej tytułów mistrza Anglii.Manchester United
85%
Który z piłkarzy ma najwięcej goli w historii Premier League .Alan Shearer
77%
Który z bramkarzy ma najwięcej czystych kont w historii Premier League.Petr Cech
77%
Kluby, które nigdy nie spadły to:Liverpool,Arsenal,Chelsea,Manchester United,Everton, Tottenham
56%
Który z piłkarzy ma najwięcej asyst w historii Premier League.Ryan Giggs
46%
Ile klubów grająch w obecnym sezonie w Premier League zdobyło Ligę mistrzów.4
39%
Który z piłkarzy ma najwięcej występów w Premier League.Gareth Barry
37%
Ile klubów wygrało Premier League . Od sezonu (1992/93)7
31%
Jaki piłkarz ma najwięcej tytułów króla strzelców Premier League.Thierry Henry
27%

Rozkład punktacji

Percentyl według liczby udzielonych odpowiedzi

Procent ludzi z każdym wynikiem

Twoja historia wyników

Nie rozwiązałeś tego quizu